[Event "TCh-Moscow 2014"]
[Site "Moscow RUS"]
[Date "2014.10.05"]
[Round "6.4"]
[White "Alikulov, Elbek"]
[Black "Smirnov, Timofey"]
[Result "1-0"]
[WhiteTitle "FM"]
[WhiteElo "2232"]
[BlackElo "2269"]
[WhiteTeam "Academy GMs I & V Glek"]
[BlackTeam "Moscow Youth"]
[WhiteFideId "14203308"]
[BlackFideId "24176427"]
[EventDate "2014.09.27"]

1. e4 e5 2. Nf3 Nc6 3. Bb5 a6 4. Ba4 Nf6 5. O-O b5 6. Bb3 Be7 7. Re1 d6 8. c3
O-O 9. h3 Na5 10. Bc2 c5 11. d4 Qc7 12. Nbd2 cxd4 13. cxd4 Nc6 14. Nb3 a5 15.
Be3 a4 16. Nbd2 Bd7 17. Rc1 Qb7 18. Qe2 Rab8 19. Nf1 Rfe8 20. Ng3 g6 21. Bb1
Rec8 22. Rcd1 Ne8 23. a3 Ng7 24. Ba2 exd4 25. Nxd4 Nxd4 26. Bxd4 Be6 27. Bd5 Qd7
28. Bc3 Re8 29. Qe3 Bf8 30. Qf3 Bxd5 31. Rxd5 Re6 32. Red1 Ne8 33. Qg4 Bg7 34.
Bxg7 Kxg7 35. e5 Re7 36. Qg5 Kf8 37. Ne4 Qf5 38. Qh6+ Kg8 39. exd6 Qxe4 40. dxe7
Qxe7 41. Qf4 Rb7 42. Re5 Qf8 43. Rd8 Re7 44. Qe3 1-0

[Event "TCh-Moscow 2014"]
[Site "Moscow RUS"]
[Date "2014.10.05"]
[Round "6.4"]
[White "Kovalev, Egor"]
[Black "Vdovin, Vadim"]
[Result "1/2-1/2"]
[WhiteElo "2209"]
[BlackElo "2314"]
[WhiteTeam "Moscow Youth"]
[BlackTeam "Academy GMs I & V Glek"]
[WhiteFideId "24124117"]
[BlackFideId "24107158"]
[EventDate "2014.09.27"]

1. Nf3 Nf6 2. g3 g6 3. Bg2 Bg7 4. O-O O-O 5. d4 d6 6. Nc3 Nbd7 7. e4 e5 8. h3
exd4 9. Nxd4 Re8 10. Re1 Nc5 11. Nb3 Nxb3 12. axb3 a6 13. Be3 Rb8 14. Ba7 Ra8
15. Bd4 c6 16. Qd2 Be6 17. Rad1 Qa5 18. Qf4 Nh5 19. Qxd6 Bf8 20. b4 Qxb4 21.
Qxb4 Bxb4 22. Kh2 a5 23. f4 a4 24. f5 Bc4 25. g4 Nf4 26. Bf3 Bd6 27. e5 Bb4 28.
Ne4 Nd5 29. c3 Be7 30. g5 gxf5 31. Nf6+ Nxf6 32. gxf6 Bf8 33. Rd2 Kh8 34. Rg2
Bh6 35. Be3 Bxe3 36. Rxe3 Rad8 37. Kg3 Rg8+ 38. Kh4 Rxg2 39. Bxg2 Be6 40. Rg3 f4
41. Rg7 Rd3 42. Rxh7+ Kxh7 43. Be4+ Kh6 44. Bxd3 b5 45. Be4 Bd7 46. Bf3 c5 47.
Bd5 Kg6 48. Be4+ Kh6 49. Bd5 Kg6 50. Be4+ Kh6 1/2-1/2

[Event "TCh-Moscow 2014"]
[Site "Moscow RUS"]
[Date "2014.10.05"]
[Round "6.4"]
[White "Fominykh, Maria"]
[Black "Mukhitdinov, Akmalkhon"]
[Result "1-0"]
[WhiteTitle "WIM"]
[WhiteElo "2292"]
[BlackElo "2121"]
[WhiteTeam "Academy GMs I & V Glek"]
[BlackTeam "Moscow Youth"]
[WhiteFideId "4142411"]
[BlackFideId "24150851"]
[EventDate "2014.09.27"]

1. d4 d5 2. c4 e6 3. Nf3 Nf6 4. Nc3 Nbd7 5. Bg5 c6 6. e3 Qa5 7. cxd5 Nxd5 8. Rc1
Bb4 9. a3 Bxc3+ 10. bxc3 Qxa3 11. Qd2 O-O 12. e4 N5f6 13. Bd3 h6 14. Bh4 Re8 15.
O-O Qa5 16. e5 Nh7 17. Qf4 Ndf8 18. Qg4 Kh8 19. Qh5 Qc7 20. Nd2 b6 21. Ne4 Ng6
22. Nd6 Rf8 23. Bg3 c5 24. Be4 Rb8 25. h4 Ba6 26. Rfe1 Rbd8 27. Ra1 Bc8 28. dxc5
Qxc5 29. Nxf7+ Rxf7 30. Qxg6 Rf5 31. Rxa7 Rg8 32. Bxf5 exf5 33. Re3 Nf8 34. Qf7
Be6 35. Qc7 Qb5 36. Bf4 Bd5 37. e6 Nxe6 38. Rxe6 Bxe6 39. Bxh6 Qd7 40. Qxd7 Bxd7
41. Be3 Be6 42. Bxb6 Kh7 43. Bd4 Kh6 44. Kh2 g5 45. Ra6 Re8 46. Be3 f4 47. Bc1
gxh4 48. Bxf4+ Kg6 49. Be3 Kf7 50. Bg5 Rh8 51. Ra4 h3 52. Bh4 hxg2 53. Rf4+ Ke8
54. Kxg2 Bd5+ 55. Kf1 Kd7 56. Ke2 Ra8 57. Kd3 Ra1 58. Rf6 Rd1+ 59. Ke2 Ra1 60.
Bg3 Be6 61. Be5 Bc4+ 62. Ke3 Rd1 63. Bd4 Re1+ 64. Kf4 Ke7 65. Rh6 Bd3 66. Be3
Ra1 67. Bc5+ Kf7 68. Ke5 Bg6 69. Rh4 Ra5 70. Rf4+ Kg7 71. Kd6 Ra6+ 72. Ke7 Kh6
73. Be3 Kh5 74. c4 Bd3 75. c5 Bf1 76. Rb4 Bg2 77. Rb6 Ra3 78. Rh6+ Kg4 79. Rg6+
Kh3 80. Rg3+ Kh2 81. Bf4 Ra7+ 82. Kf6 Kg1 83. Be3 Kf1 84. Ke5 Ra5 85. Kd6 Ra6+
86. Kc7 Ra7+ 87. Kd6 Ra6+ 88. Ke5 Ra5 89. Rg6 Bf3 90. Rb6 Ke2 91. Kd6 Ra3 92. c6
Rd3+ 93. Ke7 Rc3 94. Kd7 Rd3+ 95. Kc8 Bg4+ 96. Kb8 Rd8+ 97. Ka7 Bf3 98. Rb2+ Kf1
99. c7 Ra8+ 100. Kb6 Bg4 101. Rd2 Ra3 102. Rd8 Rb3+ 103. Kc6 Rc3+ 104. Bc5 1-0

[Event "TCh-Moscow 2014"]
[Site "Moscow RUS"]
[Date "2014.10.07"]
[Round "7.1"]
[White "Mozharov, Mikhail"]
[Black "Belov, Vladimir"]
[Result "1-0"]
[WhiteTitle "GM"]
[BlackTitle "GM"]
[WhiteElo "2555"]
[BlackElo "2628"]
[WhiteTeam "Academy GMs I & V Glek"]
[BlackTeam "Navigator"]
[WhiteFideId "4189825"]
[BlackFideId "4132394"]
[EventDate "2014.09.27"]

1. Nf3 d5 2. d4 Nf6 3. g3 c6 4. Bg2 Bg4 5. Ne5 Bf5 6. O-O e6 7. c4 Be7 8. Nc3
Nbd7 9. Qb3 Qb6 10. Nxd7 Nxd7 11. e4 dxe4 12. Nxe4 O-O 13. Be3 Rfd8 14. h3 Nf6
15. Nc5 Bxc5 16. dxc5 Qc7 17. Rfd1 Be4 18. Bg5 Bxg2 19. Kxg2 Qe5 20. Bxf6 gxf6
21. Qxb7 Qxc5 22. b3 Kg7 23. Rd7 Rxd7 24. Qxd7 a5 25. Re1 Ra7 26. Qd8 a4 27. Re4
h5 28. Rf4 Qe7 29. Qd1 Ra5 30. Qd2 Re5 31. b4 a3 32. Qc3 Qb7 33. c5 Qb5 34. Rf3
Qe2 35. Qxa3 Re4 36. Qc3 e5 37. a3 Rd4 38. Re3 Qa2 39. Qb3 Qa1 40. Rd3 Qe1 41.
Rxd4 exd4 42. Qf3 Qc3 43. Qxc6 Qxa3 44. b5 Qb3 45. b6 d3 46. Qf3 Qb5 47. b7 d2
48. Qd5 Qxb7 49. Qxb7 d1=Q 50. Qf3 Qa4 51. Qxh5 Qc6+ 52. Kh2 Kf8 53. Qf5 Kg7 54.
Qg4+ Kf8 55. Qd4 Kg7 56. Qd6 Qf3 57. Kg1 Qe4 58. h4 Qe1+ 59. Kg2 Qe4+ 60. Kh2
Kg6 61. Qb6 Qc2 62. c6 f5 63. c7+ f6 64. Kg1 f4 65. gxf4 Kh5 66. Qxf6 Qd1+ 67.
Kh2 1-0

[Event "TCh-Moscow 2014"]
[Site "Moscow RUS"]
[Date "2014.10.07"]
[Round "7.1"]
[White "Deviatkin, Andrei"]
[Black "Sychev, Klementy"]
[Result "1-0"]
[WhiteTitle "GM"]
[WhiteElo "2520"]
[BlackElo "2407"]
[WhiteTeam "Navigator"]
[BlackTeam "Academy GMs I & V Glek"]
[WhiteFideId "4121260"]
[BlackFideId "4114060"]
[EventDate "2014.09.27"]

1. d4 Nf6 2. Nf3 g6 3. Bg5 Bg7 4. e3 O-O 5. Nbd2 d6 6. c3 c5 7. Bc4 Qb6 8. Qb3
Nc6 9. O-O h6 10. Bh4 Na5 11. Qxb6 axb6 12. Bb5 Be6 13. h3 Rfc8 14. a3 g5 15.
Bg3 Nb3 16. Nxb3 Bxb3 17. Nd2 Bd5 18. Bd3 Bc6 19. Rfd1 b5 20. f3 Nd5 21. Bf2 Nb6
22. h4 d5 23. Rab1 Nd7 24. hxg5 hxg5 25. e4 cxd4 26. Bxd4 dxe4 27. Nxe4 g4 28.
fxg4 Ne5 29. Nf2 Nxd3 30. Rxd3 f6 31. g5 e5 32. gxf6 Bxf6 33. Ng4 Bg7 34. Nxe5
Bxe5 35. Bxe5 Re8 36. Re1 Kf7 37. Rde3 Rg8 38. R1e2 Rg4 39. Bd4 Rag8 40. Rf2+
Kg6 41. Re6+ Kh5 42. Rf5+ R8g5 43. Rxg5+ Kxg5 44. Re2 Kg6 45. Be5 Kf5 46. g3 Bf3
47. Re3 Be4 48. Bf4 Rg7 49. Re2 Rd7 50. Kf2 Rd1 51. Rd2 Rb1 52. Ke3 Bc6 53. Kd4
Re1 54. Kc5 Rb1 55. Kb6 Kg4 56. Rd4 Kf5 57. Rb4 Kg4 58. Be5+ Kf5 59. Bc7 Kg5 60.
Bd8+ Kf5 61. g4+ Kg6 62. g5 Kf5 63. Bf6 Kg6 64. c4 bxc4 65. Rxc4 Rd1 66. a4 Rd5
67. Rxc6 bxc6 68. b4 c5 69. bxc5 Kf7 70. c6 Rd1 71. c7 Rb1+ 72. Kc6 Rc1+ 73. Kd7
Rd1+ 74. Kc8 Ke6 75. a5 Kd6 76. a6 Rd3 77. a7 Ra3 78. Kd8 1-0

[Event "TCh-Moscow 2014"]
[Site "Moscow RUS"]
[Date "2014.10.07"]
[Round "7.1"]
[White "Glek, Igor"]
[Black "Sarana, Alexey"]
[Result "1-0"]
[WhiteTitle "GM"]
[WhiteElo "2434"]
[BlackElo "2411"]
[WhiteTeam "Academy GMs I & V Glek"]
[BlackTeam "Navigator"]
[WhiteFideId "4100484"]
[BlackFideId "24133795"]
[EventDate "2014.09.27"]

1. e4 c5 2. Nf3 d6 3. c3 Nf6 4. h3 g6 5. Bd3 Bg7 6. O-O O-O 7. Bc2 e5 8. d4 cxd4
9. cxd4 exd4 10. Nxd4 Nc6 11. Nxc6 bxc6 12. Nc3 d5 13. Re1 d4 14. Na4 Nd7 15.
Bf4 Ne5 16. Nc5 Qe7 17. Nd3 Ba6 18. Bxe5 Bxe5 19. Bb3 Bxd3 20. Qxd3 a5 21. Rac1
a4 22. Bc4 h5 23. g3 g5 24. Qf3 h4 25. gxh4 Qf6 26. Qxf6 Bxf6 27. e5 Be7 28.
hxg5 Bxg5 29. Rcd1 c5 30. Rd3 Kg7 31. Rg3 Kh6 32. Re4 Rab8 33. Reg4 Be7 34. b3
axb3 35. axb3 Rb6 36. e6 d3 37. Rxd3 fxe6 38. Rd7 Rf7 39. Re4 Rg7+ 40. Kf1 Bf6
41. Rxg7 Kxg7 42. Bxe6 Rd6 43. Rg4+ Kf8 44. Bc4 Rd4 45. Rg8+ Ke7 46. Kg2 Be5 47.
Rg6 Rd6 48. Rg5 Kf6 49. Rg8 Rd4 50. Rf8+ Kg5 51. Re8 Kf5 52. Be2 Bd6 53. Bg4+
Kg5 54. Re6 Bf4 55. Be2 Kf5 56. Re8 Bd6 57. Rg8 Kf6 58. Bc4 Kf5 59. Rh8 Kg5 60.
Re8 Kf5 61. Kf3 Kg5 62. Ke2 Kf4 63. Bd3 Kg5 64. Re6 Rd5 65. Rg6+ Kh4 66. Be4 Rd4
67. Ke3 Kxh3 68. f4 Kh4 69. f5 Kh5 70. Bf3+ Kh4 71. f6 Bf4+ 72. Ke2 Bg5 73. f7
Rf4 74. Bd5 Kh5 75. Rg8 Be7 76. Ke3 Rf6 77. Ke4 Bd6 78. Rd8 Be7 79. Rg8 Bd6 80.
Bc4 Kh6 81. Kd5 Be7 82. Ke5 Rg6 83. f8=Q+ 1-0

[Event "TCh-Moscow 2014"]
[Site "Moscow RUS"]
[Date "2014.10.07"]
[Round "7.1"]
[White "Babarykin, Stanislav"]
[Black "Alikulov, Elbek"]
[Result "1/2-1/2"]
[WhiteTitle "FM"]
[BlackTitle "FM"]
[WhiteElo "2378"]
[BlackElo "2232"]
[WhiteTeam "Navigator"]
[BlackTeam "Academy GMs I & V Glek"]
[WhiteFideId "4101898"]
[BlackFideId "14203308"]
[EventDate "2014.09.27"]

1. d4 Nf6 2. Bf4 g6 3. e3 Bg7 4. Nf3 O-O 5. Be2 d6 6. O-O Nbd7 7. h3 b6 8. a4 a5
9. Nbd2 Bb7 10. c3 Ne8 11. Nc4 e6 12. Qb3 Qe7 13. Qa3 f5 14. Nce5 Ndf6 15. Bb5
Ne4 16. h4 N8f6 17. Nc6 Bxc6 18. Bxc6 Rad8 19. Ne5 Nh5 20. Bxe4 Nxf4 21. exf4
Bxe5 22. dxe5 fxe4 23. g3 Qf7 24. exd6 Rxd6 25. Rae1 Qf5 26. Qb3 Rd3 27. Qc4 e3
28. Rxe3 Rxe3 29. fxe3 Rd8 30. Qxc7 Rd2 31. Qb8+ Kf7 32. Qc7+ Kg8 33. Qb8+ Kf7
34. Qc7+ 1/2-1/2

[Event "TCh-Moscow 2014"]
[Site "Moscow RUS"]
[Date "2014.10.07"]
[Round "7.1"]
[White "Vdovin, Vadim"]
[Black "Lomasov, Semen"]
[Result "1/2-1/2"]
[WhiteElo "2314"]
[BlackElo "2259"]
[WhiteTeam "Academy GMs I & V Glek"]
[BlackTeam "Navigator"]
[WhiteFideId "24107158"]
[BlackFideId "24164879"]
[EventDate "2014.09.27"]

1. e4 e6 2. d4 d5 3. Nd2 c5 4. Ngf3 cxd4 5. Nxd4 Nf6 6. e5 Nfd7 7. f4 Nxe5 8. c3
Nec6 9. N2b3 Nd7 10. Be3 Be7 11. Bd3 Nxd4 12. Nxd4 Nc5 13. Bc2 Bd7 14. O-O Qc7
15. a4 Ne4 16. Kh1 h5 17. f5 e5 18. Nb5 Bxb5 19. axb5 Rd8 20. Bxe4 dxe4 21. Qa4
O-O 22. Qxe4 Bc5 23. Qc4 Rc8 24. Bc1 Qd7 25. Qe2 Rfd8 26. Qxh5 Qxb5 27. Bg5 Rd3
28. Qg4 Bf8 29. f6 Qc4 30. Qxc4 Rxc4 31. Rxa7 gxf6 32. Bxf6 Rf4 33. Raa1 Rxf1+
34. Rxf1 Bg7 35. Bg5 f6 36. Bc1 Kf7 37. g4 Ke6 38. Kg2 Bf8 39. Rf3 Rd1 40. Be3
Bd6 41. Rf1 Rd3 42. Kf2 e4 43. h3 b5 44. Ke2 b4 45. Rd1 bxc3 46. Rxd3 exd3+ 47.
Kxd3 cxb2 48. Kc2 Be5 49. h4 f5 1/2-1/2

[Event "TCh-Moscow 2014"]
[Site "Moscow RUS"]
[Date "2014.10.07"]
[Round "7.1"]
[White "Mesropov, Konstantin"]
[Black "Eyvazov, Elkhan"]
[Result "1-0"]
[WhiteTitle "IM"]
[WhiteElo "2431"]
[BlackElo "2128"]
[WhiteTeam "Navigator"]
[BlackTeam "Academy GMs I & V Glek"]
[WhiteFideId "4116887"]
[BlackFideId "24169560"]
[EventDate "2014.09.27"]

1. d4 d5 2. Nf3 Nf6 3. Bg5 e6 4. Nbd2 Be7 5. e3 O-O 6. Bd3 Nbd7 7. c3 h6 8. Bh4
b6 9. O-O Bb7 10. Qb1 c5 11. b4 cxb4 12. cxb4 Bd6 13. Qb2 Qe7 14. a3 e5 15. dxe5
Nxe5 16. Be2 Rac8 17. Rac1 Ng6 18. Bxf6 gxf6 19. Nd4 Be5 20. Bg4 Rce8 21. N2f3
Bc8 22. Bxc8 Rxc8 23. Qb3 Qd7 24. Qd3 Rxc1 25. Rxc1 Rc8 26. Rd1 Ne7 27. g3 Qg4
28. Kg2 Rc4 29. h3 Qg6 30. Ne2 b5 31. Ned4 a6 32. Qxg6+ fxg6 33. Rd3 Kf7 34. Nb3
Rc3 35. Nxe5+ 1-0

[Event "TCh-Moscow 2014"]
[Site "Moscow RUS"]
[Date "2014.10.07"]
[Round "7.3"]
[White "Kukhmazov, Arsen"]
[Black "Paravyan, David"]
[Result "1/2-1/2"]
[WhiteTitle "FM"]
[BlackTitle "IM"]
[WhiteElo "2351"]
[BlackElo "2428"]
[WhiteTeam "Boavista"]
[BlackTeam "The chip"]
[WhiteFideId "24108260"]
[BlackFideId "4194985"]
[EventDate "2014.09.27"]

1. d4 Nf6 2. c4 g6 3. Nc3 d5 4. Nf3 Bg7 5. Bf4 O-O 6. Rc1 Bg4 7. e3 Nh5 8. Nxd5
Nxf4 9. Nxf4 c5 10. Be2 Qa5+ 11. Qd2 Qxa2 12. O-O Nc6 13. Ra1 Qb3 14. Nd5 Bxf3
15. Ra3 Qxa3 16. bxa3 Bxe2 17. Qxe2 cxd4 18. Nb4 Nxb4 19. axb4 e5 20. Qf3 b6 21.
exd4 exd4 22. b5 a5 23. bxa6 Rxa6 24. g3 Ra2 25. Re1 Rc2 26. Qd5 Bf6 27. Rb1 Rd8
28. Qc6 Bg7 29. Kg2 d3 30. Qxb6 Rc8 31. Rd1 d2 32. Qb3 R8xc4 33. Rxd2 Rxd2 34.
Qxc4 h5 35. Qc8+ Bf8 36. h3 Rd5 37. g4 Rc5 38. Qd8 hxg4 39. hxg4 Rb5 40. Qe8 Rc5
41. Kg3 g5 42. Kf3 Rc4 43. Qd8 Rc5 44. Ke4 Rc4+ 45. Kf5 Rf4+ 46. Kxg5 Rxf2 47.
Kh4 Rh2+ 48. Kg3 Rh6 1/2-1/2

[Event "TCh-Moscow 2014"]
[Site "Moscow RUS"]
[Date "2014.10.07"]
[Round "7.3"]
[White "Erzhanov, Arman"]
[Black "Mikhailov, Viacheslav"]
[Result "0-1"]
[WhiteTitle "FM"]
[BlackTitle "FM"]
[WhiteElo "2273"]
[BlackElo "2355"]
[WhiteTeam "The chip"]
[BlackTeam "Boavista"]
[WhiteFideId "4138821"]
[BlackFideId "4187369"]
[EventDate "2014.09.27"]

1. e4 c5 2. Nf3 Nc6 3. Bb5 g6 4. O-O Bg7 5. c3 a6 6. Ba4 Nf6 7. Qe2 O-O 8. Rd1
b5 9. Bc2 d6 10. h3 Bb7 11. a4 b4 12. d3 Nd7 13. Be3 Rc8 14. Nfd2 bxc3 15. bxc3
Nd4 16. Bxd4 cxd4 17. c4 d5 18. exd5 Bxd5 19. Re1 Re8 20. a5 Ba8 21. Ba4 Rc5 22.
Nb3 Rg5 23. f3 Qc7 24. N1d2 Rd8 25. Qxe7 Bf6 26. Qe2 Nf8 27. Ne4 Bxe4 28. fxe4
Qg3 29. Rf1 Be5 30. Qf3 Qh2+ 31. Kf2 Rg3 32. Nd2 Rxf3+ 33. Nxf3 Bg3+ 0-1

[Event "TCh-Moscow 2014"]
[Site "Moscow RUS"]
[Date "2014.10.07"]
[Round "7.3"]
[White "Apryshko, Gleb"]
[Black "Kostin, Konstantin"]
[Result "0-1"]
[WhiteTitle "FM"]
[BlackTitle "FM"]
[WhiteElo "2303"]
[BlackElo "2283"]
[WhiteTeam "Boavista"]
[BlackTeam "The chip"]
[WhiteFideId "24131792"]
[BlackFideId "4155882"]
[EventDate "2014.09.27"]

1. e4 c6 2. d4 d5 3. exd5 cxd5 4. c4 Nf6 5. Nc3 Nc6 6. c5 e5 7. dxe5 Ng4 8. Qxd5
Be6 9. Qe4 Bxc5 10. Nh3 Qb6 11. Qf4 Nb4 12. Bb5+ Qxb5 13. Nxb5 Nd3+ 14. Ke2
Nxf4+ 15. Bxf4 Bc4+ 16. Kf3 Nxe5+ 17. Bxe5 Bxb5 18. Rac1 Bc6+ 19. Kg3 Bb6 20.
Bd6 O-O-O 21. Bf4 g5 22. Nxg5 Rhg8 23. Kh3 Rd5 24. Nf3 Bc7 25. Rxc6 bxc6 26.
Bxc7 Kxc7 27. Re1 f6 28. Re7+ Rd7 29. Re4 c5 30. Re6 Rb8 31. Rxf6 Rb6 32. Rf4
Rh6+ 33. Kg4 Rg7+ 34. Ng5 Rxh2 35. Kf5 Rh5 36. Rg4 h6 37. f4 hxg5 38. Kf6 Rhh7
39. f5 Kd6 40. Re4 Rf7+ 41. Kg6 Rhg7+ 42. Kh6 Rh7+ 43. Kg6 Rfg7+ 44. Kf6 Re7 45.
Ra4 Ref7+ 46. Kg6 Rhg7+ 47. Kh6 Ke5 48. g4 Rh7+ 0-1

[Event "TCh-Moscow 2014"]
[Site "Moscow RUS"]
[Date "2014.10.07"]
[Round "7.3"]
[White "Morozov, Grigoriy"]
[Black "Nefedov, Sergey"]
[Result "1/2-1/2"]
[WhiteTitle "FM"]
[BlackTitle "FM"]
[WhiteElo "2350"]
[BlackElo "2298"]
[WhiteTeam "The chip"]
[BlackTeam "Boavista"]
[WhiteFideId "4168860"]
[BlackFideId "24113417"]
[EventDate "2014.09.27"]

1. d4 d5 2. c4 c6 3. Nf3 Nf6 4. Qc2 Bg4 5. Bf4 e6 6. Nbd2 Nbd7 7. e3 Be7 8. Qb3
Qb6 9. c5 Qxb3 10. axb3 Nh5 11. h3 Bxf3 12. Nxf3 Nxf4 13. exf4 a6 14. b4 O-O 15.
Bd3 Rae8 16. O-O f6 17. Rfe1 Bd8 18. Re2 Bc7 19. Rae1 Bxf4 20. Rxe6 Rxe6 21.
Rxe6 Kf7 22. Re2 g6 23. g3 Bh6 24. Nh2 Re8 25. Rxe8 Kxe8 26. f4 Kf7 27. Kf2 Bf8
28. g4 Be7 29. Nf3 Bd8 30. Ke3 Bc7 31. h4 Nf8 32. f5 Bg3 33. fxg6+ hxg6 34. h5
gxh5 35. gxh5 Ne6 36. Bf5 Bf4+ 37. Kd3 Bh6 38. Ne1 Nf4+ 39. Kc2 Ne6 40. Kc3 Ke7
41. Nc2 Bf4 42. Na1 Kf7 43. Nb3 Nd8 44. Kd3 Kg7 45. Ke2 Kh6 46. Kf3 Kg5 47. Bg6
Bc7 48. Be8 Ne6 49. Bf7 Nd8 50. Bg6 Ne6 51. Be8 Nd8 52. Nc1 a5 53. bxa5 Bxa5 54.
Ke3 Bc7 55. Ne2 f5 56. Kf3 Ne6 57. b3 Nd8 58. Ng1 Ne6 59. Ke3 Bf4+ 60. Kd3 Kg4
61. Bd7 Nd8 62. Ne2 Bh6 63. Bc8 Bg5 64. b4 Bh6 65. b5 Bg7 66. Bxb7 cxb5 67. c6
Ne6 68. Bc8 Nc7 69. Nc1 Kg5 70. Nb3 Bf8 71. Ke3 Bd6 72. Kf3 b4 73. h6 Kxh6 74.
Bxf5 Kg5 75. Bh3 Kf6 76. Ke3 Ke7 77. Kd3 Bg3 1/2-1/2

[Event "TCh-Moscow 2014"]
[Site "Moscow RUS"]
[Date "2014.10.07"]
[Round "7.3"]
[White "Denishev, Marat"]
[Black "Pletnev, Evgeniy"]
[Result "1-0"]
[WhiteElo "2183"]
[BlackElo "2234"]
[WhiteTeam "Boavista"]
[BlackTeam "The chip"]
[WhiteFideId "24131563"]
[BlackFideId "24104140"]
[EventDate "2014.09.27"]

1. d4 f5 2. Bg5 h6 3. Bh4 g5 4. Bg3 Nf6 5. e3 d6 6. Nc3 e6 7. h4 Rg8 8. Bc4 a6
9. a4 d5 10. Bd3 Bd6 11. Bxd6 cxd6 12. hxg5 hxg5 13. Nf3 Nc6 14. Nd2 Qe7 15. a5
e5 16. dxe5 dxe5 17. Na4 Be6 18. Nb3 Rd8 19. Nac5 Bc8 20. Qd2 Kf7 21. O-O-O Rh8
22. Be2 d4 23. Bc4+ Kg6 24. exd4 Nxd4 25. Qc3 Nxb3+ 26. Bxb3 Rxh1 27. Rxh1 f4
28. Nd3 Ne4 29. Qc4 Nd6 30. Qd5 Kg7 31. Nxe5 Bf5 32. Nf3 Qe4 33. Nxg5 Qxd5 34.
Bxd5 Kf6 35. Nf3 Rc8 36. Rh6+ Bg6 37. Bb3 Kg7 38. Rh4 Ne4 39. Rxf4 Nxf2 40. Ne5
Rc5 41. Rxf2 Rxe5 42. Rd2 Kf6 43. Rd6+ Kg5 44. Rd5 Kf4 45. Rxe5 Kxe5 46. c3 Be4
47. g4 Kf4 48. Be6 1-0

[Event "TCh-Moscow 2014"]
[Site "Moscow RUS"]
[Date "2014.10.07"]
[Round "7.3"]
[White "Kovtunenko, Alexandr"]
[Black "Bivol, Alina"]
[Result "1-0"]
[BlackTitle "WIM"]
[WhiteElo "2195"]
[BlackElo "2208"]
[WhiteTeam "The chip"]
[BlackTeam "Boavista"]
[WhiteFideId "4144597"]
[BlackFideId "4100123"]
[EventDate "2014.09.27"]

1. e4 e6 2. d4 d5 3. Nc3 Bb4 4. e5 c5 5. a3 Ba5 6. b4 cxd4 7. Qg4 Ne7 8. bxa5
dxc3 9. Qxg7 Rg8 10. Qxh7 Nbc6 11. Nf3 Qc7 12. Bf4 Bd7 13. a6 b6 14. Bg3 O-O-O
15. Qd3 Na5 16. Nd4 Qc5 17. Nb5 Nc4 18. a4 Bxb5 19. axb5 Qb4 20. Be2 Nf5 21. Qf3
Rd7 22. Qf4 Qxb5 23. O-O Qc5 24. Bd3 Nd4 25. Kh1 Nb2 26. Qe3 Nxd3 27. Qxd3 Nf5
28. Ra4 Rc7 29. h3 Qe7 30. Qf3 Qd7 31. Rf4 Qb5 32. Rd1 Qxa6 33. Rxf5 exf5 34.
Qxf5+ Rd7 35. Rxd5 Qb7 36. Rd3 Kd8 37. Qf6+ Ke8 38. Rxc3 Rd1+ 39. Kh2 Qd7 40. e6
fxe6 41. Rc7 1-0

[Event "TCh-Moscow 2014"]
[Site "Moscow RUS"]
[Date "2014.10.07"]
[Round "7.5"]
[White "Popov, Ivan RUS"]
[Black "Seliverstov, Vladimir"]
[Result "1-0"]
[WhiteTitle "GM"]
[BlackTitle "FM"]
[WhiteElo "2627"]
[BlackElo "2432"]
[WhiteTeam "Palace"]
[BlackTeam "MSU"]
[WhiteFideId "4170350"]
[BlackFideId "4192036"]
[EventDate "2014.09.27"]

1. e4 c5 2. Nf3 d6 3. d4 cxd4 4. Qxd4 a6 5. Be2 Nc6 6. Qe3 g6 7. O-O Bg7 8. c4
Nf6 9. h3 O-O 10. Nc3 Nd7 11. Rb1 Qb6 12. Nd5 Qxe3 13. Bxe3 Nf6 14. Bd3 Nxd5 15.
cxd5 Nb4 16. Be2 f5 17. e5 dxe5 18. Rfd1 e4 19. Ng5 Nd3 20. Bxd3 exd3 21. f4 Bd7
22. Rxd3 Rfc8 23. Bd4 Bb5 24. Rd2 Bxd4+ 25. Rxd4 Rc4 26. Rbd1 Rxd4 27. Rxd4 Rc8
28. Nf3 Rc4 29. b3 Rxd4 30. Nxd4 Bd3 31. Ne6 Be4 32. Nc7 Kf7 33. Kf2 e6 34. d6
Bc6 35. Ke3 Bxg2 36. h4 Bc6 37. Kd4 Kf6 38. Na8 h6 39. Nb6 e5+ 40. fxe5+ Ke6 41.
Na8 f4 42. Nc7+ Kd7 43. b4 g5 44. hxg5 hxg5 45. a4 b6 46. Nxa6 Bb7 47. Nb8+ Ke6
48. a5 bxa5 49. b5 g4 50. Na6 g3 51. Nc5+ Kf5 52. d7 g2 53. Nxb7 g1=Q+ 54. Kd5
Qg2+ 55. Kc5 Qxb7 56. d8=Q Kxe5 57. b6 Qa6 58. Qc7+ Ke4 59. b7 Qa7+ 60. Kb5 1-0

[Event "TCh-Moscow 2014"]
[Site "Moscow RUS"]
[Date "2014.10.07"]
[Round "7.5"]
[White "Iljiushenok, Ilia"]
[Black "Rychagov, Andrey"]
[Result "1/2-1/2"]
[BlackTitle "GM"]
[WhiteElo "2433"]
[BlackElo "2559"]
[WhiteTeam "MSU"]
[BlackTeam "Palace"]
[WhiteFideId "24105074"]
[BlackFideId "4119932"]
[EventDate "2014.09.27"]

1. e4 e6 2. d4 d5 3. e5 c5 4. c3 Qb6 5. Nf3 Nc6 6. a3 Nh6 7. Bd3 cxd4 8. cxd4
Nf5 9. Bxf5 exf5 10. Nc3 Be6 11. O-O Be7 12. b4 O-O 13. Qd3 Rfc8 14. Bd2 Qd8 15.
Rfc1 Qd7 16. Ne2 h6 17. h4 a6 18. Nf4 Na7 19. Nh5 Rxc1+ 20. Rxc1 Rc8 21. Nf4
Rxc1+ 22. Bxc1 Nc8 23. g3 Qc6 24. Bd2 Nb6 25. Ne1 Qc4 26. Kg2 Qxd3 27. Nfxd3 Nc4
28. Bc1 b6 29. Nc2 Kf8 30. Kf3 Ke8 31. Ke2 Kd7 32. Nf4 Bf8 1/2-1/2

[Event "TCh-Moscow 2014"]
[Site "Moscow RUS"]
[Date "2014.10.07"]
[Round "7.5"]
[White "Gavrilov, Alexei1"]
[Black "Vakhlamov, Igor L."]
[Result "1-0"]
[WhiteTitle "GM"]
[BlackTitle "FM"]
[WhiteElo "2489"]
[BlackElo "2331"]
[WhiteTeam "Palace"]
[BlackTeam "MSU"]
[WhiteFideId "4104358"]
[BlackFideId "24126748"]
[EventDate "2014.09.27"]

1. d4 Nf6 2. Nf3 d5 3. c4 c6 4. Nc3 a6 5. cxd5 cxd5 6. Bf4 Nc6 7. Rc1 Bf5 8. e3
Rc8 9. Ne5 Nxe5 10. dxe5 Ne4 11. Bd3 Nxc3 12. Bxf5 Nxd1 13. Rxc8 Nxb2 14. Rxd8+
Kxd8 15. e6 fxe6 16. Bxe6 Nd3+ 17. Ke2 Nxf4+ 18. exf4 Kc7 19. Bxd5 e6 20. Rc1+
Kb8 21. Bxe6 Bd6 22. Kf3 Re8 23. f5 Rd8 24. Rd1 Be7 25. Rxd8+ Bxd8 26. Kg4 Kc7
27. Bg8 h6 28. Kh5 Kd6 29. Kg6 Bf6 30. f4 Ke7 31. Bd5 b5 32. g4 Bd4 33. g5 hxg5
34. fxg5 a5 35. h4 Bc3 36. h5 b4 37. Bb3 Kf8 38. Kh7 Ke7 39. f6+ 1-0

[Event "TCh-Moscow 2014"]
[Site "Moscow RUS"]
[Date "2014.10.07"]
[Round "7.5"]
[White "Miroshnichenko, Pavel"]
[Black "Krapivin, Alexander"]
[Result "0-1"]
[BlackTitle "GM"]
[WhiteElo "2270"]
[BlackElo "2442"]
[WhiteTeam "MSU"]
[BlackTeam "Palace"]
[WhiteFideId "4188659"]
[BlackFideId "4154720"]
[EventDate "2014.09.27"]

1. e4 e6 2. d4 b6 3. Bd3 Bb7 4. Nf3 Nf6 5. Qe2 Be7 6. O-O c5 7. c3 Nc6 8. a3 h6
9. h3 d5 10. e5 Nd7 11. b4 cxd4 12. cxd4 a6 13. Nbd2 b5 14. Nb3 Nb6 15. Bd2 Nc4
16. Bc3 Qc7 17. Nh2 h5 18. Nc5 a5 19. f4 g6 20. Nf3 Rg8 21. Ng5 Bxc5 22. bxc5
Ne7 23. g4 hxg4 24. hxg4 Rh8 25. Rf2 Nc6 26. f5 gxf5 27. gxf5 Qe7 28. Rg2 O-O-O
29. Kf2 N6xe5 30. dxe5 Qxc5+ 31. Kg3 Rdg8 32. Kf4 Ne3 33. Rh2 Rxh2 34. Qxh2 Qxc3
35. Kxe3 Qxa1 36. Nf3 d4+ 37. Kf4 Bxf3 38. Kxf3 Qd1+ 39. Be2 Qb3+ 40. Kf2 Qe3+
41. Kf1 d3 0-1